The politics of dictatorship : (Record no. 14522)

000 -LEADER
fixed length control field 00811nam a2200265 a 4500
001 - CONTROL NUMBER
control field ASIN1588267857
003 - CONTROL NUMBER IDENTIFIER
control field OSt
005 - DATE AND TIME OF LATEST TRANSACTION
control field 20170105102857.0
008 - FIXED-LENGTH DATA ELEMENTS--GENERAL INFORMATION
fixed length control field 130909s2011 xxu eng d
020 ## - INTERNATIONAL STANDARD BOOK NUMBER
International Standard Book Number 1588267857 (hardcover)
Terms of availability $45.00
020 ## - INTERNATIONAL STANDARD BOOK NUMBER
International Standard Book Number 9788130920627 (hardcover)
040 ## - CATALOGING SOURCE
Original cataloging agency 0
050 04 - LIBRARY OF CONGRESS CALL NUMBER
Classification number JC495
082 04 - DEWEY DECIMAL CLASSIFICATION NUMBER
Classification number 321.9
100 1# - MAIN ENTRY--PERSONAL NAME
Personal name Frantz, Erica.
245 14 - TITLE STATEMENT
Title The politics of dictatorship :
Remainder of title institutions and outcomes in authoritarian regimes /
Statement of responsibility, etc. Erica Frantz and Natasha Ezrow.
260 ## - PUBLICATION, DISTRIBUTION, ETC.
Place of publication, distribution, etc. New Delhi :
Name of publisher, distributor, etc. Viva Books,
Date of publication, distribution, etc. 2012.
300 ## - PHYSICAL DESCRIPTION
Extent 133 p. ;
Dimensions 24 cm.
650 #0 - SUBJECT ADDED ENTRY--TOPICAL TERM
Topical term or geographic name entry element Authoritarianism
650 #0 - SUBJECT ADDED ENTRY--TOPICAL TERM
Topical term or geographic name entry element Dictators
650 #0 - SUBJECT ADDED ENTRY--TOPICAL TERM
Topical term or geographic name entry element Dictatorship
700 1# - ADDED ENTRY--PERSONAL NAME
Personal name Ezrow, Natasha.
856 40 - ELECTRONIC LOCATION AND ACCESS
Materials specified Amazon.com
Uniform Resource Identifier <a href="http://www.amazon.com/exec/obidos/ASIN/1588267857/chopaconline-20">http://www.amazon.com/exec/obidos/ASIN/1588267857/chopaconline-20</a>
942 ## - ADDED ENTRY ELEMENTS (KOHA)
Source of classification or shelving scheme
Koha item type Book
Holdings
Withdrawn status Lost status Damaged status Not for loan Collection code Permanent Location Current Location Shelving location Date acquired Total Checkouts Full call number Barcode Date last seen Price effective from Koha item type
          Centre for International Peace & Stability (CIPS) Centre for International Peace & Stability (CIPS) General Stacks 08/02/2013   321.9 FRA 2012 CIPS0000330 09/09/2013 09/09/2013 Book
© 2023 Central Library, National University of Sciences and Technology. All Rights Reserved.